000 00963nam a2200301 i 4500
003 DO-SdBNP
005 20260526120439.0
007 ta
008 260515b2019 dr ||||| |||| 00| 0 spa d
020 _a9789945914962
040 _aDO-SdBNP
_bspa
_cBNPHU
_erda
041 _aspa
082 4 _aRD861.5
_bR618s
_222
100 1 _aRivas, José Manuel,
_eautor
_4aut.
_989608
245 1 0 _aSudor de rocío /
_cJosé Manuel Rivas
250 _aprimera edición
264 4 _aSanto Domingo :
_bEditora Poetas de la Era
_c©2019.
300 _a79 páginas ;
_c23 cm.
336 _atexto
_btxt
_2rdacontent
337 _asin mediación
_bn
_2rdamedia
338 _avolumen
_bnc
_2rdacarrier
500 _aIncluye datos biográficos del autor en la solapa de la cubierta
590 _aInventariado, 2026/BT
650 7 _aPoesía dominicana
_2LEMB
650 7 _aLiteratura dominicana
_2LEMB
910 _aBtavárez /Validado. Control de calidad MFF
942 _2ddc
_cLBS1
999 _c60764
_d60764